Readings in management (Record no. 22710)

MARC details
000 -LEADER
fixed length control field 00352nam a2200145Ia 4500
082 ## - DEWEY DECIMAL CLASSIFICATION NUMBER
Classification number 065
Item number RIC
100 ## - MAIN ENTRY--AUTHOR NAME
Personal name Nielander, William A
245 #0 - TITLE STATEMENT
Title Readings in management
250 ## - EDITION STATEMENT
Edition statement Ed.3
260 ## - PUBLICATION, DISTRIBUTION, ETC. (IMPRINT)
Place of publication Bombay
Name of publisher Taraporevala
Year of publication 1971
650 ## - SUBJECT ADDED ENTRY--TOPICAL TERM
Topical Term Management
700 ## - ADDED ENTRY--PERSONAL NAME
Personal name Richards, Max D
942 ## - ADDED ENTRY ELEMENTS (KOHA)
Koha item type Books
Holdings
Withdrawn status Lost status Damaged status Not for loan Home library Current library Date acquired Cost, normal purchase price Full call number Accession Number Koha item type
        RRII Library RRII Library 16/12/2021 12.75 065 RIC 03430 Books